Are we growing up healthy? Social norms approach to promote healthy adolescent lifestyle in Visegrad final report : project No. 21410316
Saved in:
| Main Author: | |
|---|---|
| Corporate Authors: | , , |
| Other Authors: | |
| Format: | Book |
| Language: | English |
| Published: |
Olomouc
2015
|
| Edition: | 1st ed. |
| Subjects: | |
| Tags: |
No Tags, Be the first to tag this record!
|
MARC
| LEADER | 00000nam a2200000 4500 | ||
|---|---|---|---|
| 001 | 0234616 | ||
| 005 | 20240503084922.8 | ||
| 041 | 0 | |a eng | |
| 044 | |a CZ | ||
| 245 | 1 | 0 | |a Are we growing up healthy? Social norms approach to promote healthy adolescent lifestyle in Visegrad |b final report : project No. 21410316 |c Zuzana Hajduová, Ferdinand Salonna |
| 250 | |a 1st ed. | ||
| 264 | 1 | |a Olomouc |c 2015 | |
| 300 | |a [8 s.] | ||
| 610 | 2 | 0 | |a zdravie |
| 610 | 2 | 0 | |a starostlivosť zdravotná |
| 610 | 2 | 0 | |a politika sociálna |
| 610 | 2 | 0 | |a štýl životný |
| 610 | 2 | 0 | |a mládež |
| 610 | 2 | 0 | |a Vyšehradská štvorka |
| 100 | 1 | |a Hajduová, Zuzana, 1974- | |
| 700 | 1 | |a Salonna, Ferdinand | |
| 710 | 2 | |a Univerzita Palackého v Olomouci | |
| 710 | 2 | |a Instytut Matki i Dziecka | |
| 710 | 2 | |a Ekonomická univerzita v Bratislave | |